[Event "CZE-chT1W 1819"]
[Site "Czech Republic"]
[Date "2019.02.17"]
[Round "8.6"]
[White "Postupa, Pavel1"]
[Black "Schula, Michal"]
[Result "1/2-1/2"]
[WhiteElo "2226"]
[BlackElo "2297"]
[PlyCount "91"]
[EventDate "2018.10.21"]
[EventType "team-tourn"]
[EventRounds "11"]
[EventCountry "CZE"]
[SourceTitle "CBM 189 Extra"]
[Source "ChessBase"]
[SourceDate "2019.05.31"]
[SourceVersion "1"]
[SourceVersionDate "2019.05.31"]
[SourceQuality "1"]
[WhiteTeam "Pankrac"]
[BlackTeam "Neratovice"]
[WhiteTeamCountry "CZE"]
[BlackTeamCountry "CZE"]

1. e4 c5 2. Nf3 Nc6 3. d4 cxd4 4. Nxd4 Qb6 5. Nb3 e6 6. Bd3 a6 7. Nc3 Nf6 8. 0-0 Be7 9. Qe2 d6 10. Bg5 h6 11. Bd2 0-0 12. Rae1 e5 13. Na4 Qc7 14. c4 Be6 15. Nc3 Nb4 16. Nd5 Bxd5 17. Bxb4 Be6 18. Rc1 Nd7 19. Bd2 Bg5 20. Bxg5 hxg5 21. Qe3 f6 22. c5 dxc5 23. Nxc5 Nxc5 24. Rxc5 Qd6 25. Bc4 Rac8 26. Qb3 Rce8 27. Rd1 Qxc5 28. Bxe6+ Rxe6 29. Qxe6+ Kh8 30. g4 Qc8 31. Qd7 b5 32. Kg2 Qxd7 33. Rxd7 Rc8 34. Rd2 Kg8 35. Kf3 Rc7 36. Ke2 Kf7 37. Kd1 Ke7 38. Rd3 Rd7 39. Kd2 Rxd3+ 40. Kxd3 Kd6 41. a3 Kc5 42. b3 a5 43. Kc3 b4+ 44. axb4+ axb4+ 45. Kd3 Kb5 46. Kd2 1/2-1/2

[Event "CZE-chT1W 1819"]
[Site "Czech Republic"]
[Date "2018.10.21"]
[Round "1.6"]
[White "Borkovec, Milan"]
[Black "Schula, Michal"]
[Result "1/2-1/2"]
[WhiteElo "2247"]
[BlackElo "2297"]
[PlyCount "55"]
[EventDate "2018.10.21"]
[EventType "team-tourn"]
[EventRounds "11"]
[EventCountry "CZE"]
[SourceTitle "CBM 187 Extra"]
[Source "ChessBase"]
[SourceDate "2018.11.04"]
[SourceVersion "1"]
[SourceVersionDate "2018.11.04"]
[SourceQuality "1"]
[WhiteTeam "Ceske Budejovice"]
[BlackTeam "Neratovice"]
[WhiteTeamCountry "CZE"]
[BlackTeamCountry "CZE"]

1. e4 c5 2. Nf3 e6 3. d4 cxd4 4. Nxd4 Nf6 5. Nc3 d6 6. Be3 Be7 7. f3 0-0 8. Qd2 Nc6 9. 0-0-0 d5 10. Qe1 e5 11. Nxc6 bxc6 12. exd5 Nxd5 13. Bc4 Be6 14. Ne4 Qc7 15. Bc5 Rfe8 16. Bxe7 Qxe7 17. g3 Rab8 18. Bb3 f6 19. Qf2 Red8 20. Qc5 Qc7 21. Rhe1 Bf7 22. Nc3 Qb7 23. Rd2 Nxc3 24. Qxc3 Rxd2 25. Qxd2 c5 26. Bxf7+ Qxf7 27. b3 c4 28. Rd1 1/2-1/2

[Event "CZE-chT2B 1718"]
[Site "Czech Republic"]
[Date "2018.02.25"]
[Round "9.2"]
[White "Kucera, Petr3"]
[Black "Schula, Michal"]
[Result "0-1"]
[WhiteElo "2234"]
[BlackElo "2315"]
[PlyCount "74"]
[EventDate "2017.10.15"]
[EventType "team-tourn"]
[EventRounds "11"]
[EventCountry "CZE"]
[SourceTitle "EXT 2022"]
[Source "ChessBase"]
[SourceDate "2021.10.06"]
[SourceVersion "1"]
[SourceVersionDate "2021.10.06"]
[SourceQuality "1"]
[WhiteTeam "Turnov Zikuda II"]
[BlackTeam "Neratovice III"]
[WhiteTeamCountry "CZE"]
[BlackTeamCountry "CZE"]

1. d4 f5 2. g3 Nf6 3. Bg2 d6 4. Nf3 g6 5. c3 c6 6. 0-0 Bg7 7. Nbd2 0-0 8. Qb3+ Kh8 9. Ng5 d5 10. Ndf3 e6 11. Ne5 Qe8 12. Nh3 Nbd7 13. Bf4 h6 14. Nxd7 Qxd7 15. Be5 Ng4 16. Nf4 Nxe5 17. dxe5 Kh7 18. Nd3 b6 19. Qa4 Bb7 20. c4 Qe7 21. Rac1 c5 22. Qb5 Rac8 23. a4 Bc6 24. Qa6 Rfd8 25. f4 Qc7 26. a5 Bf8 27. axb6 axb6 28. Qa2 dxc4 29. Qxc4 Bxg2 30. Kxg2 Qc6+ 31. Kg1 b5 32. Qc3 c4 33. Nf2 b4 34. Qf3 Qxf3 35. exf3 Rd2 36. Nd1 Bc5+ 37. Kh1 Bd4 0-1

[Event "CZE-chT1W 1718"]
[Site "Czech Republic"]
[Date "2017.12.10"]
[Round "4.3"]
[White "Burdalev, Kirill"]
[Black "Schula, Michal"]
[Result "1-0"]
[WhiteElo "2360"]
[BlackElo "2315"]
[PlyCount "67"]
[EventDate "2017.10.29"]
[EventType "team-tourn"]
[EventRounds "11"]
[EventCountry "CZE"]
[SourceTitle "EXT 2019"]
[Source "ChessBase"]
[SourceDate "2018.10.10"]
[SourceVersion "1"]
[SourceVersionDate "2018.10.10"]
[SourceQuality "1"]
[WhiteTeam "Praha DP Tarok"]
[BlackTeam "Neratovice"]
[WhiteTeamCountry "CZE"]
[BlackTeamCountry "CZE"]

1. Nf3 d6 2. d4 f5 3. g3 Nf6 4. Bg2 e6 5. 0-0 Be7 6. b3 0-0 7. Bb2 Ne4 8. Nbd2 Bf6 9. c4 Nc6 10. Ne1 d5 11. Ndf3 b6 12. Rc1 Bb7 13. cxd5 exd5 14. Nd3 Qe7 15. Qc2 Rac8 16. Qb1 Nb4 17. Rfe1 Qd6 18. a3 Nxd3 19. exd3 Ng5 20. Ne5 Ne6 21. b4 c6 22. Re2 f4 23. Rce1 Rce8 24. Bh3 Ng5 25. Bg4 fxg3 26. hxg3 Bc8 27. Bxc8 Rxc8 28. f4 Ne6 29. Qd1 c5 30. dxc5 bxc5 31. bxc5 Nxc5 32. Rh2 Rfe8 33. Qh5 h6 34. Qf7+ 1-0

[Event "Benasque op 37th"]
[Site "Benasque"]
[Date "2017.07.08"]
[Round "3"]
[White "Schula, Michal"]
[Black "Gozzoli, Yannick"]
[Result "0-1"]
[WhiteElo "2315"]
[BlackElo "2594"]
[PlyCount "70"]
[EventDate "2017.07.06"]
[EventType "swiss"]
[EventRounds "10"]
[EventCountry "ESP"]
[SourceTitle "CBM 179 Extra"]
[Source "ChessBase"]
[SourceDate "2017.08.23"]
[SourceVersion "1"]
[SourceVersionDate "2017.08.23"]
[SourceQuality "1"]

1. e4 e5 2. Nf3 Nc6 3. Bc4 Nf6 4. d3 Bc5 5. c3 0-0 6. 0-0 d5 7. exd5 Nxd5 8. Bg5 f6 9. d4 exd4 10. cxd4 Bb6 11. Nc3 Nce7 12. Re1 Kh8 13. Bh4 Bg4 14. h3 Bh5 15. Bg3 c6 16. Ne4 Nf5 17. Nc5 Bxf3 18. gxf3 Bxc5 19. dxc5 Qa5 20. Bxd5 Rad8 21. b4 Qxb4 22. Qb3 Qxc5 23. Bxc6 Nxg3 24. Bxb7 Qg5 25. f4 Ne2+ 26. Kh1 Nxf4 27. Rg1 Qf5 28. Rg3 Nd3 29. Rf3 Nxf2+ 30. Kg2 Qg5+ 31. Rg3 Qd2 32. Kf1 Rd3 33. Rxd3 Nxd3 34. Kg1 Qe3+ 35. Kh2 Qe5+ 0-1

[Event "CZE-chT1W 1617"]
[Site "Czech Republic"]
[Date "2017.01.08"]
[Round "5.5"]
[White "Richtrova, Eliska"]
[Black "Schula, Michal"]
[Result "1/2-1/2"]
[WhiteElo "2188"]
[BlackElo "2310"]
[PlyCount "114"]
[EventDate "2016.10.16"]
[EventType "team-tourn"]
[EventRounds "11"]
[EventCountry "CZE"]
[SourceTitle "CBM 177 Extra"]
[Source "ChessBase"]
[SourceDate "2017.04.27"]
[SourceVersion "1"]
[SourceVersionDate "2017.04.27"]
[SourceQuality "1"]
[WhiteTeam "Ceske Budejovice"]
[BlackTeam "Jicin II"]
[WhiteTeamCountry "CZE"]
[BlackTeamCountry "CZE"]

1. c4 f5 2. d4 Nf6 3. Nc3 d6 4. Nf3 g6 5. h3 Bg7 6. Bf4 Nc6 7. e3 0-0 8. Qb3 Ne4 9. Rd1 e6 10. Bd3 Nxc3 11. bxc3 Qe7 12. 0-0 h6 13. Bh2 e5 14. c5+ Kh8 15. cxd6 cxd6 16. Bb1 Re8 17. Qa3 Bf6 18. Nd2 Qc7 19. Nc4 Be7 20. d5 b5 21. dxc6 bxc4 22. Qa4 Be6 23. Bc2 Rab8 24. Rb1 Bd5 25. e4 fxe4 26. Rbd1 Qxc6 27. Qxa7 Ra8 28. Qe3 Bg5 29. Qg3 Kg7 30. Qg4 Rxa2 31. Bb1 Ra4 32. h4 Be6 33. Qe2 Bxh4 34. Bxe4 Qd7 35. Qc2 Bf7 36. Rb1 d5 37. Bf3 Bf6 38. Rfd1 Ra5 39. Rb4 Rb8 40. Qb2 Rxb4 41. Qxb4 Rc5 42. Ra1 Rc6 43. Ra8 Qd6 44. Qa5 Rb6 45. g4 Rb7 46. Ra6 Qd7 47. Qc5 Qb5 48. Qd6 Be7 49. Qxe5+ Kh7 50. Ra8 Be8 51. Bxd5 Bf6 52. Bg8+ Kxg8 53. Rxe8+ Kg7 54. Qxb5 Rxb5 55. Rc8 Rb3 56. Rc7+ Kg8 57. Rxc4 Rxc3 1/2-1/2

[Event "CZE-chT1W 1617"]
[Site "Czech Republic"]
[Date "2016.11.20"]
[Round "3.4"]
[White "Schula, Michal"]
[Black "Plesek, Jiri"]
[Result "1-0"]
[WhiteElo "2310"]
[BlackElo "2139"]
[PlyCount "39"]
[EventDate "2016.10.16"]
[EventType "team-tourn"]
[EventRounds "11"]
[EventCountry "CZE"]
[SourceTitle "CBM 175 Extra"]
[Source "ChessBase"]
[SourceDate "2016.12.12"]
[SourceVersion "1"]
[SourceVersionDate "2016.12.12"]
[SourceQuality "1"]
[WhiteTeam "Jicin II"]
[BlackTeam "Pankrac"]
[WhiteTeamCountry "CZE"]
[BlackTeamCountry "CZE"]

1. e4 c6 2. d4 d5 3. Nc3 dxe4 4. Nxe4 Nd7 5. Nf3 Ngf6 6. Nxf6+ Nxf6 7. Ne5 Be6 8. Be2 g6 9. 0-0 Bg7 10. c4 0-0 11. Be3 Nd7 12. Nf3 Bg4 13. Qc2 Qb6 14. Rfd1 Rad8 15. h3 Bf5 16. Bd3 Bxd3 17. Rxd3 c5 18. Rad1 cxd4 19. Nxd4 e5 20. Nb5 1-0

[Event "CZE-chT1W 1516"]
[Site "Czech Republic"]
[Date "2016.02.28"]
[Round "9.5"]
[White "Schula, Michal"]
[Black "Postupa, Pavel1"]
[Result "1-0"]
[WhiteElo "2305"]
[BlackElo "2226"]
[PlyCount "89"]
[EventDate "2015.10.11"]
[EventType "team-tourn"]
[EventRounds "11"]
[EventCountry "CZE"]
[SourceTitle "EXT 2017"]
[Source "ChessBase"]
[SourceDate "2016.10.25"]
[SourceVersion "1"]
[SourceVersionDate "2016.10.25"]
[SourceQuality "1"]
[WhiteTeam "Jicin"]
[BlackTeam "Praha Grop"]
[WhiteTeamCountry "CZE"]
[BlackTeamCountry "CZE"]

1. e4 c5 2. Nf3 d6 3. d4 cxd4 4. Qxd4 Nc6 5. Qe3 Nf6 6. c4 g6 7. h3 Bg7 8. Be2 0-0 9. 0-0 Bd7 10. Nc3 Rc8 11. Rb1 Qa5 12. a3 a6 13. b4 Qd8 14. Bb2 Re8 15. Rfd1 Qc7 16. Nd5 Nxd5 17. exd5 Nb8 18. Bxg7 Kxg7 19. Rbc1 e5 20. dxe6 Rxe6 21. Qd2 Rce8 22. Nd4 Re5 23. Bf3 Nc6 24. Nc2 R5e6 25. Ne3 Ne5 26. Bd5 R6e7 27. Qd4 f6 28. Rc3 Qb8 29. Rd2 h5 30. Rd1 Ba4 31. Rd2 Bd7 32. Qh4 Bc6 33. Qg3 Kh7 34. Kh2 Bxd5 35. Nxd5 Re6 36. f4 Nf7 37. Qh4 Kg7 38. f5 gxf5 39. Qxh5 Ng5 40. Nxf6 Kxf6 41. Qh6+ Kf7 42. Qxg5 Re5 43. Rg3 Rg8 44. Qh5+ Ke6 45. Qh6+ 1-0

[Event "CZE-chT1W 1516"]
[Site "Czech Republic"]
[Date "2016.01.17"]
[Round "6.4"]
[White "Schula, Michal"]
[Black "Novotny, Michal"]
[Result "1-0"]
[WhiteElo "2305"]
[BlackElo "2278"]
[PlyCount "65"]
[EventDate "2015.10.11"]
[EventType "team-tourn"]
[EventRounds "11"]
[EventCountry "CZE"]
[SourceTitle "CBM 170 Extra"]
[Source "ChessBase"]
[SourceDate "2016.02.25"]
[SourceVersion "1"]
[SourceVersionDate "2016.02.25"]
[SourceQuality "1"]
[WhiteTeam "Jicin"]
[BlackTeam "Polabiny"]
[WhiteTeamCountry "CZE"]
[BlackTeamCountry "CZE"]

1. e4 e6 2. d4 d5 3. exd5 exd5 4. Nf3 Nc6 5. Bb5 Nge7 6. 0-0 a6 7. Ba4 b5 8. Bb3 Bg4 9. c3 Ng6 10. Re1+ Be7 11. h3 Be6 12. Nbd2 0-0 13. Nf1 Na5 14. Bc2 Nc4 15. Ng3 c5 16. b3 Nb6 17. dxc5 Bxc5 18. Be3 Rc8 19. Qd2 Ba3 20. Bd4 Re8 21. Nh5 Bf8 22. Ng5 Rc6 23. f4 Bd7 24. f5 Nh4 25. Rxe8 Qxe8 26. Qf4 Nxg2 27. Qf2 f6 28. Nxf6+ gxf6 29. Qxg2 fxg5 30. Qxg5+ Kf7 31. Bd1 Bh6 32. Bh5+ Kf8 33. Bc5+ 1-0

[Event "CZE-chT1W 1516"]
[Site "Czech Republic"]
[Date "2015.11.01"]
[Round "2.4"]
[White "Schula, Michal"]
[Black "Gregor, Jiri"]
[Result "1/2-1/2"]
[WhiteElo "2305"]
[BlackElo "2235"]
[PlyCount "43"]
[EventDate "2015.10.11"]
[EventType "team-tourn"]
[EventRounds "11"]
[EventCountry "CZE"]
[SourceTitle "CBM 169 Extra"]
[Source "ChessBase"]
[SourceDate "2015.12.18"]
[SourceVersion "1"]
[SourceVersionDate "2015.12.18"]
[SourceQuality "1"]
[WhiteTeam "Jicin"]
[BlackTeam "Neratovice"]
[WhiteTeamCountry "CZE"]
[BlackTeamCountry "CZE"]

1. e4 c6 2. Nf3 d5 3. exd5 cxd5 4. Ne5 Nf6 5. d4 e6 6. c3 a6 7. Bd3 Nc6 8. 0-0 Nxe5 9. dxe5 Nd7 10. Qe2 Qc7 11. Re1 g6 12. Nd2 Bg7 13. Nf3 0-0 14. Bf4 Nc5 15. Bc2 Bd7 16. Nd4 b5 17. h4 Rab8 18. a3 a5 19. Qd2 Rfc8 20. h5 Na4 21. Bxa4 bxa4 22. Rac1 1/2-1/2

[Event "CZE-chT1W 1415"]
[Site "Czech Republic"]
[Date "2015.03.01"]
[Round "9.5"]
[White "Schula, Michal"]
[Black "Richtrova, Eliska"]
[Result "1-0"]
[WhiteElo "2263"]
[BlackElo "2239"]
[PlyCount "67"]
[EventDate "2014.10.19"]
[EventType "team-tourn"]
[EventRounds "11"]
[EventCountry "CZE"]
[SourceTitle "EXT 2016"]
[Source "ChessBase"]
[SourceDate "2015.10.08"]
[SourceVersion "1"]
[SourceVersionDate "2015.10.08"]
[SourceQuality "1"]
[WhiteTeam "Jicin"]
[BlackTeam "Ceske Budejovice"]
[WhiteTeamCountry "CZE"]
[BlackTeamCountry "CZE"]

1. e4 c6 2. d4 d5 3. Nc3 g6 4. h3 Bg7 5. Nf3 Nh6 6. Bd3 dxe4 7. Nxe4 Nf5 8. c3 Nd6 9. 0-0 0-0 10. Bf4 Be6 11. Re1 Bd5 12. Qe2 Nxe4 13. Bxe4 Re8 14. c4 Bxe4 15. Qxe4 Nd7 16. Rad1 e6 17. Re2 Qa5 18. a3 Qa4 19. Rc1 Rad8 20. Qe3 Qa5 21. b4 Qh5 22. Kh2 f5 23. Kh1 h6 24. Rce1 g5 25. Bc7 Rc8 26. Be5 b6 27. Bxg7 Kxg7 28. Qd3 Qf7 29. Ne5 Nxe5 30. Rxe5 Rcd8 31. Qe3 Qd7 32. d5 cxd5 33. cxd5 f4 34. Qc3 1-0